|
|
|
|
| LEADER |
00862ntm a2200205 i 4500 |
| 001 |
misc46718 |
| 005 |
20200422155506.0 |
| 008 |
200422suuuu hu o 0|| hun d |
| 040 |
|
|
|a SZTE Miscellanea Repozitórium
|b hun
|
| 041 |
|
|
|a hun
|
| 041 |
|
|
|a ger
|
| 100 |
1 |
|
|a Candrea Ion-Aurel
|
| 245 |
1 |
0 |
|a Újságlapok, újságkivágatok, aprónyomtatványok, tanulmányok és kéziratos feljegyzések a cigány néprajz és népzene köréből
|h [elektronikus dokumentum] /
|c Candrea Ion-Aurel
|
| 300 |
|
|
|a 19
|
| 561 |
|
|
|a Herrmann Antal hagyaték
|
| 695 |
|
|
|a cigány néprajz, cigány népzene, cigány zenészek, zsidó néphit Magyarországon, népszínmű
|
| 700 |
0 |
1 |
|a Schön Joseph
|e aut
|
| 700 |
0 |
1 |
|a Almássy Tihamér
|e aut
|
| 700 |
0 |
1 |
|a Herrmann Antal
|e aut
|
| 856 |
4 |
0 |
|u http://misc.bibl.u-szeged.hu/46718/1/hermann_antal_boritek_003_007_03_003.pdf
|z Dokumentum-elérés
|